Normal view
MARC view
- JAHANZAIB,GHINA,ZAIN,DR SALMAN
Entry Personal Name
001 - CONTROL NUMBER
- control field: 72085
003 - CONTROL NUMBER IDENTIFIER
- control field: NUST
005 - DATE AND TIME OF LATEST TRANSACTION
- control field: 20210628204735.0
008 - FIXED-LENGTH DATA ELEMENTS
- fixed length control field: 210628|| aca||aabn | a|a d
040 ## - CATALOGING SOURCE
- Original cataloging agency: NUST
- Transcribing agency: NUST
100 ## - HEADING--PERSONAL NAME
- Personal name: JAHANZAIB,GHINA,ZAIN,DR SALMAN
670 ## - SOURCE DATA FOUND
- Source citation: Work cat.: (NUST): JAHANZAIB,GHINA,ZAIN,DR SALMAN, PR-SOF-1290-DESIGN AND IMPLEMENTATION OF A MULTI-AGENT INTELLIGENT ELECTROMECHANICAL SYSTEM (MIEMS, 2013
